Pokémon - Les attaques de Dratatin - Statistiques

Statistiques générales
  • Ce quiz a été pris 14 fois
  • Le résultat moyen est 9 sur 17
Statistiques - réponses
Niveaux Types Noms des attaques % Correct
Niveau 40 Dragon Draco-Choc
89%
Départ Spectre Étonnement
89%
Départ Eau Repli
89%
Niveau 36 Acier Mur de Fer
78%
Niveau 44 Plante Éco-Sphère
67%
Niveau 20 Plante Balle Graine
56%
Niveau 4 Spectre Malédiction
56%
Niveau 32 Normal Plaquage
56%
Niveau 12 Plante Vampigraine
56%
Niveau 28 Plante Acide Malique
44%
Évolution Normal Coup d'Boule
44%
Niveau 8 Normal Écrasement
44%
Niveau 16 Normal Abri
33%
Départ Normal Doux Parfum
33%
Niveau 24 Normal Soin
33%
Départ Normal Croissance
11%
Départ Normal Recyclage
0%
Aucun quiz correspondant
Distribution des résultats
% des personnes avec chaque résultat
Percentile par nombre de réponses
Votre historique - résultats
Vous n’avez pas pris ce quiz